Science Quiz

Random Science or Chemistry Quiz

Element Abbreviations Quiz Stats

 Plays Quiz Updated Mar 18, 2020

Support Sporcle.
Go Orange.
Score 0/118 Timer 05:00
15 Plays Today
Element Abbr. % Correct
HydrogenH
99.2%
HeliumHe
97.8%
LithiumLi
97.8%
CarbonC
97.6%
OxygenO
97.6%
NitrogenN
97.6%
BoronB
97.5%
FluorineF
97.4%
NeonNe
96.9%
BerylliumBe
96.3%
AluminumAl
95.9%
PhosphorusP
95.6%
SulfurS
95.6%
SiliconSi
95.4%
MagnesiumMg
95.4%
ArgonAr
95.2%
ChlorineCl
95%
CalciumCa
94.7%
TitaniumTi
93.6%
VanadiumV
93.1%
ScandiumSc
92.9%
CobaltCo
91.9%
NickelNi
91.8%
ChromiumCr
91.2%
ManganeseMn
90.6%
PotassiumK
90.3%
SodiumNa
90.2%
BromineBr
90.1%
GalliumGa
89.9%
KryptonKr
89.5%
SeleniumSe
89.2%
GermaniumGe
89.1%
ZincZn
88%
ArsenicAs
87.6%
IronFe
87.4%
RubidiumRb
86.9%
YttriumY
86.7%
StrontiumSr
85.5%
ZirconiumZr
83.3%
RhodiumRh
82.3%
Element Abbr. % Correct
NiobiumNb
81.8%
CadmiumCd
81.7%
IndiumIn
81.1%
RutheniumRu
81%
CopperCu
80.7%
TechnetiumTc
79.7%
MolybdenumMo
79.6%
IodineI
79.3%
XenonXe
79%
PalladiumPd
78.3%
BariumBa
78.2%
SilverAg
77.6%
CesiumCs
76.6%
LanthanumLa
75%
CeriumCe
74.3%
TelluriumTe
72.3%
PraseodymiumPr
72%
EuropiumEu
70.6%
NeodymiumNd
70.4%
SamariumSm
69.6%
GadoliniumGd
69.3%
PromethiumPm
69.2%
TerbiumTb
68.1%
ErbiumEr
67.9%
HolmiumHo
67.9%
DysprosiumDy
67.8%
GoldAu
65.3%
HafniumHf
64.6%
LutetiumLu
64.2%
TantalumTa
63.8%
YtterbiumYb
62.6%
IridiumIr
62.1%
OsmiumOs
61.8%
TinSn
59.9%
PlatinumPt
59.2%
BismuthBi
58.2%
LeadPb
57.6%
PoloniumPo
57.6%
RheniumRe
57.5%
RadiumRa
56.4%
Element Abbr. % Correct
FranciumFr
56.2%
AstatineAt
56.1%
ThuliumTm
56%
ThalliumTl
55.8%
RadonRn
54.6%
ActiniumAc
53.9%
UraniumU
53.7%
ThoriumTh
53.2%
MercuryHg
50.8%
NeptuniumNp
49.7%
AmericiumAm
48.7%
TungstenW
48.4%
PlutoniumPu
47.5%
BerkeliumBk
44.3%
CuriumCm
43.7%
CaliforniumCf
43.3%
EinsteiniumEs
41.8%
AntimonySb
41.6%
FermiumFm
40.6%
MendeleviumMd
39.6%
NobeliumNo
39%
ProtactiniumPa
38.1%
LawrenciumLr
37%
RutherfordiumRf
35.1%
DubniumDb
34.7%
BohriumBh
32.4%
SeaborgiumSg
32.3%
HassiumHs
31.9%
MeitneriumMt
30.2%
DarmstadtiumDs
28.5%
RoentgeniumRg
27.3%
CoperniciumCn
24.6%
FleroviumFl
22.8%
NihoniumNh
22.2%
LivermoriumLv
21.8%
MoscoviumMc
21.6%
TennessineTs
20.8%
OganessonOg
20.6%

From the Vault

Big Nouns

by JoeBeta

Nouns think they're all that, just because they are people, places and things.
Remove Ads.
Support Sporcle.
Get the best of Sporcle when you Go Orange. This ad-free experience offers more features, more stats, and more fun while also helping to support Sporcle. Thank you for becoming a member.

Show Comments

Extras

Top Quizzes Today


Score Distribution

Your Account Isn't Verified!

In order to create a playlist on Sporcle, you need to verify the email address you used during registration. Go to your Sporcle Settings to finish the process.

Report this User

Report this user for behavior that violates our Community Guidelines.

Details: